MARC details
| 000 -LEADER |
| fixed length control field |
02806nam a22003137a 4500 |
| 008 - FIXED-LENGTH DATA ELEMENTS--GENERAL INFORMATION |
| fixed length control field |
240229b2023 ua ||||| |||| 00| 0 eng d |
| 040 ## - CATALOGING SOURCE |
| Original cataloging agency |
EAL |
| Transcribing agency |
EAL |
| 041 ## - LANGUAGE CODE |
| Language code of text/sound track or separate title |
eng |
| Language code of summary or abstract |
ara |
| 090 ## - LOCALLY ASSIGNED LC-TYPE CALL NUMBER (OCLC); LOCAL CALL NUMBER (RLIN) |
| Classification number (OCLC) (R) ; Classification number, CALL (RLIN) (NR) |
ART AJAS V54 No3 11 |
| 100 1# - MAIN ENTRY--PERSONAL NAME |
| Personal name |
Abd El-Galil, Hassan A. |
| 9 (RLIN) |
35157 |
| 240 10 - UNIFORM TITLE |
| Uniform title |
Assiut journal of agricultural sciences, 2023 v. 54 (3) |
| 245 10 - TITLE STATEMENT |
| Title |
Impact of different potassium fertilization sources on growth, yield and fruit quality of sultani fig tree |
| Medium |
[electronic resource] |
| 246 15 - VARYING FORM OF TITLE |
| Title proper/short title |
تأثیر مصادر التسمید البوتاسى المختلفة على النمو و المحصول و جودة ثمار أشجار التین السلطاني |
| 260 ## - PUBLICATION, DISTRIBUTION, ETC. |
| Place of publication, distribution, etc. |
2023 |
| 300 ## - PHYSICAL DESCRIPTION |
| Extent |
145 - 155 p. |
| 504 ## - BIBLIOGRAPHY, ETC. NOTE |
| Bibliography, etc. note |
Includes bibliographic reference |
| 520 ## - SUMMARY, ETC. |
| Summary, etc. |
The experiment was conducted on Sultani fig trees located on the farm of Shandawil Island Research Station, Sohag, Egypt, throughout the course of two subsequent growth seasons in 2020 and 2021. The goal of the study was to determine the applying various potassium sources to Sultani Fig trees' vegetative growth, yield components, and fruit quality. Data showed that when compared to untreated ones, the application of various potassium fertilization sources considerably enhanced leaf area, shoot length, and shoot thickness. Additionally, yield, ripeness, and fruit quality were all improved by all investigated potassium fertilization sources. The usage of potassium thiosulfate led to the maximum values of fruit weight, length, and diameter being noted. Between all examined treatments, there were no appreciable variations in fruit length or fruit diameter. The highest TSS and reducing sugar values, as well as the lowest titratable acidity values, were produced by vinasse and potassien. Additionally, no appreciable variations were discovered between them. One may deduce that in order to improve some vegetative development, high yield, and good fruit quality, different potassium fertilization sources were required twice a year. Therefore, from an economic perspective, vinasse and potassien are preferred. Due to reduced pollution and a lower overall cost of production.<br/>Keywords: Sultani Fig trees, Vinasse, Potassien, Fruit quality. |
| 546 ## - LANGUAGE NOTE |
| Language note |
Summary in Arabic |
| 650 #0 - SUBJECT ADDED ENTRY--TOPICAL TERM |
| Topical term or geographic name entry element |
Figs |
| 9 (RLIN) |
35158 |
| 650 #0 - SUBJECT ADDED ENTRY--TOPICAL TERM |
| Topical term or geographic name entry element |
Fruit |
| General subdivision |
Quality |
| 9 (RLIN) |
35152 |
| 650 #0 - SUBJECT ADDED ENTRY--TOPICAL TERM |
| Topical term or geographic name entry element |
Potassium |
| 700 1# - ADDED ENTRY--PERSONAL NAME |
| Personal name |
Masoud, Alaa A. B. |
| 9 (RLIN) |
35159 |
| 700 1# - ADDED ENTRY--PERSONAL NAME |
| Personal name |
Abou-Zaid, Eman A. A. |
| 9 (RLIN) |
35005 |
| 700 1# - ADDED ENTRY--PERSONAL NAME |
| Personal name |
Abd El- khalek, Mohamed A. A. |
| 9 (RLIN) |
35160 |
| 700 1# - ADDED ENTRY--PERSONAL NAME |
| Personal name |
Bahlol, Nada S. A. |
| 9 (RLIN) |
35161 |
| 773 0# - HOST ITEM ENTRY |
| Title |
Assiut Journal of Agricultural Sciences. |
| Related parts |
2023.v.54(3) |
| International Standard Serial Number |
1110-0486 |
| Control subfield |
nnas |
| Record control number |
u158554 |
| 856 40 - ELECTRONIC LOCATION AND ACCESS |
| Uniform Resource Identifier |
http://nile.enal.sci.eg/cgi-bin/koha/opac-retrieve-file.pl?id=2e4260f50b215c141f7289bfb8bfdc21 |
| Public note |
Full Text Avalible on site |
| 942 ## - ADDED ENTRY ELEMENTS (KOHA) |
| Source of classification or shelving scheme |
Alphabetical Classification |
| Articles |
Articles |